Londres : guía visual
Guardado en:
| Formato: | Libro |
|---|---|
| Publicado: |
Buenos Aires :
Clarín,
1998
|
| Series: | Biblioteca Clarín. Serie guías visuales
|
| Materias: | |
| Etiquetas: |
Agregar Etiqueta
Sin Etiquetas, Sea el primero en etiquetar este registro!
|
| LEADER | 00757nam a22002295a 4500 | ||
|---|---|---|---|
| 001 | CEM.cems011969 | ||
| 005 | 20070515090947.0 | ||
| 008 | 130507s1998##################000#0#####d | ||
| 003 | CEMS | ||
| 020 | |a 9879153154 | ||
| 082 | 0 | 4 | |a 914.204 |
| 245 | 0 | 0 | |a Londres : |b guía visual |
| 260 | |a Buenos Aires : |b Clarín, |c 1998 | ||
| 300 | |a 143 p. | ||
| 490 | 0 | |a Biblioteca Clarín. Serie guías visuales | |
| 500 | |a Guía de viajes y turismo | ||
| 505 | 0 | |a Historia -- Iglesias -- Paseos -- Arquitectura -- Mapas -- Pubs -- Museos -- Compras -- Datos -- Servicios | |
| 653 | |a Turismo | ||
| 653 | |a Londres-guías visuales | ||
| 653 | |a Londres-turismo | ||
| 653 | |a Inglaterra-turismo | ||
| 859 | |a CEMS |b BIB. CEMS - 11 de abril |h 914.204 |i C394 |p 23085.05 |t Ej.1 | ||
